000 00401 a2200145 4500
999 _c5868
_d5868
020 _a9789351111528
050 _aSH1KHA2013
100 _aKhan, Mirza Ahan
_eauthor
245 _aGlobal fisheries and aquaculture /
_cMirza Akbar Khan
264 _aNew Delhi :
_b Random Publications,
_c213
300 _a280p. :
500 _aincludes index
650 _aglobal fisheries
942 _2lcc
_cBK
_h1
_iKHA
_kSH